000 00455nam a2200181Ia 4500
003 OSt
005 20230516103457.0
008 210423s1990 xx 000 0 und d
040 _cAL
041 _aeng
082 _a370
_223
_bKAUC
100 _aKAUL (Rekha).
_9104726
245 _aCaste class and education.
260 _aNew Delhi
_bOxford University Press
_c1990
365 _b325
_cINR
906 _aCaste ; class ; education.
942 _2ddc
_cBK
999 _c172128
_d172128